[Event "La Palma Island op"]
[Site "Santa Cruz de La Palma"]
[Date "2023.08.11"]
[Round "9"]
[White "Dubkov, Andrej"]
[Black "Pierrot, Juan Facundo"]
[Result "1/2-1/2"]
[WhiteElo "2350"]
[BlackElo "2348"]
[PlyCount "21"]
[EventDate "2023.08.05"]
[EventType "swiss"]
[EventRounds "9"]
[EventCountry "ESP"]
[SourceTitle "CBM 215 Extra"]
[Source "ChessBase"]
[SourceDate "2023.09.30"]
[SourceVersion "1"]
[SourceVersionDate "2023.09.30"]
[SourceQuality "1"]

1. e4 e5 2. Nf3 Nf6 3. Nc3 Nc6 4. d4 exd4 5. Nxd4 Bb4 6. Nxc6 bxc6 7. Bd3 d5 8. exd5 cxd5 9. 0-0 0-0 10. Bg5 Bxc3 11. bxc3 1/2-1/2

[Event "La Palma Island op"]
[Site "Santa Cruz de La Palma"]
[Date "2023.08.08"]
[Round "5"]
[White "Dubkov, Andrej"]
[Black "Hernandez Leon, Alberto"]
[Result "1/2-1/2"]
[WhiteElo "2350"]
[BlackElo "2202"]
[PlyCount "29"]
[EventDate "2023.08.05"]
[EventType "swiss"]
[EventRounds "9"]
[EventCountry "ESP"]
[SourceTitle "CBM 215 Extra"]
[Source "ChessBase"]
[SourceDate "2023.09.30"]
[SourceVersion "1"]
[SourceVersionDate "2023.09.30"]
[SourceQuality "1"]

1. c4 Nf6 2. Nc3 e6 3. d4 d5 4. cxd5 exd5 5. Bg5 c6 6. e3 Be7 7. Bd3 Nbd7 8. h3 0-0 9. Qc2 Re8 10. Nf3 Ne4 11. Bf4 Ndf6 12. 0-0 Bd6 13. Ne5 Nxc3 14. bxc3 c5 15. Qb2 1/2-1/2

[Event "La Palma Island op"]
[Site "Santa Cruz de La Palma"]
[Date "2023.08.06"]
[Round "2"]
[White "Martin Luis, Cesar"]
[Black "Dubkov, Andrej"]
[Result "0-1"]
[WhiteElo "2039"]
[BlackElo "2350"]
[PlyCount "116"]
[EventDate "2023.08.05"]
[EventType "swiss"]
[EventRounds "9"]
[EventCountry "ESP"]
[SourceTitle "CBM 215 Extra"]
[Source "ChessBase"]
[SourceDate "2023.09.30"]
[SourceVersion "1"]
[SourceVersionDate "2023.09.30"]
[SourceQuality "1"]

1. d4 d5 2. c4 e5 3. dxe5 Ne7 4. cxd5 Qxd5 5. Qxd5 Nxd5 6. a3 Nc6 7. Nf3 h6 8. Bd2 Bd7 9. Nc3 Nb6 10. e4 0-0-0 11. Nd5 Nxd5 12. exd5 Nxe5 13. Nxe5 Re8 14. 0-0-0 Rxe5 15. Bf4 Re8 16. Bd3 Bc5 17. Bg3 Ba4 18. Bf5+ Kb8 19. Rd2 Rd8 20. Bc2 Bb5 21. Rhd1 Bd6 22. Bxd6 Rxd6 23. Re1 Bc4 24. Red1 Rhd8 25. Be4 Bb3 26. Bc2 Bxd5 27. g3 a5 28. Re1 Be6 29. Rxd6 Rxd6 30. Re5 Rd5 31. Re3 Rc5 32. Kd2 g5 33. Bb3 Bxb3 34. Rxb3 Rf5 35. f3 Kc8 36. Ke3 Re5+ 37. Kf2 c6 38. f4 gxf4 39. gxf4 Rc5 40. Kg3 b5 41. Kg4 h5+ 42. Kh4 Kc7 43. h3 Kd6 44. Re3 a4 45. b3 axb3 46. Rxb3 Rf5 47. Rb4 Rc5 48. Rb3 Rd5 49. Rb4 Kc5 50. Re4 Rd3 51. a4 b4 52. a5 b3 53. a6 b2 54. a7 Ra3 55. Re3 Rxa7 56. Rb3 Ra2 57. Kxh5 Kc4 58. Rb6 Ra5+ 0-1

[Event "Rilton Cup 50th"]
[Site "Stockholm"]
[Date "2022.12.29"]
[Round "3"]
[White "Dubkov, Andrej"]
[Black "Raja, Rithvik R"]
[Result "0-1"]
[WhiteElo "2330"]
[BlackElo "2453"]
[PlyCount "54"]
[EventDate "2022.12.27"]
[EventType "swiss"]
[EventRounds "9"]
[EventCountry "SWE"]
[SourceTitle "CBM 212 Extra"]
[Source "ChessBase"]
[SourceDate "2023.03.31"]
[SourceVersion "1"]
[SourceVersionDate "2023.03.31"]
[SourceQuality "1"]

1. Nf3 d5 2. d4 Nf6 3. c4 e6 4. Nc3 Bb4 5. Qa4+ Nc6 6. e3 0-0 7. Bd2 Re8 8. Qc2 a6 9. a3 Bd6 10. h3 h6 11. Rd1 dxc4 12. Bxc4 e5 13. dxe5 Nxe5 14. Nxe5 Rxe5 15. f4 Bf5 16. Qb3 Re7 17. Qxb7 Rb8 18. Qxa6 Bc2 19. 0-0 Bxd1 20. Rxd1 Rxb2 21. Bc1 Rc2 22. Ne2 Qe8 23. Nd4 Rxc1 24. Rxc1 Rxe3 25. Nc2 Qe4 26. Qc8+ Kh7 27. Bxf7 Re2 0-1

[Event "Rilton Cup 50th"]
[Site "Stockholm"]
[Date "2022.12.27"]
[Round "1"]
[White "Dubkov, Andrej"]
[Black "Meskovs, Nikita"]
[Result "1-0"]
[WhiteElo "2330"]
[BlackElo "2566"]
[PlyCount "81"]
[EventDate "2022.12.27"]
[EventType "swiss"]
[EventRounds "9"]
[EventCountry "SWE"]
[SourceTitle "CBM 212 Extra"]
[Source "ChessBase"]
[SourceDate "2023.03.31"]
[SourceVersion "1"]
[SourceVersionDate "2023.03.31"]
[SourceQuality "1"]

1. d4 Nf6 2. c4 e6 3. Nf3 b6 4. a3 Bb7 5. Nc3 d5 6. cxd5 Nxd5 7. Bd2 Be7 8. Qc2 0-0 9. e4 Nxc3 10. Bxc3 Nd7 11. Rd1 Qc8 12. Bc4 Nf6 13. Bd3 h6 14. 0-0 Rd8 15. d5 Ne8 16. dxe6 Qxe6 17. Nd4 Qg6 18. Nf5 Bf8 19. Rfe1 c5 20. Re3 Qe6 21. Rde1 g6 22. Qe2 Kh7 23. Bc4 Qd7 24. Rd3 Qc7 25. Ng3 Nd6 26. Bd5 c4 27. Rdd1 Nb5 28. Bf6 Rd7 29. Bxc4 Nd6 30. Ba2 Re8 31. e5 Nc8 32. Rc1 Qb8 33. e6 Rc7 34. Qg4 Nd6 35. exf7 Rxe1+ 36. Rxe1 Qc8 37. Be6 Qa8 38. Nh5 Bxg2 39. Be5 Be7 40. Bxd6 Bf3 41. Qd4 1-0

[Event "Mirandela op 3rd"]
[Site "Mirandela"]
[Date "2022.08.23"]
[Round "9"]
[White "Dubkov, Andrej"]
[Black "Borges, Guilherme Deola"]
[Result "1/2-1/2"]
[WhiteElo "2358"]
[BlackElo "2193"]
[PlyCount "60"]
[EventDate "2022.08.17"]
[EventType "swiss"]
[EventRounds "9"]
[EventCountry "POR"]
[SourceTitle "CBM 209 Extra"]
[Source "ChessBase"]
[SourceDate "2022.09.30"]
[SourceVersion "1"]
[SourceVersionDate "2022.09.30"]
[SourceQuality "1"]

1. d4 Nf6 2. g3 c5 3. d5 b5 4. a4 b4 5. Bg2 d6 6. c4 bxc3 7. Nxc3 g6 8. Nf3 Bg7 9. 0-0 0-0 10. Nd2 Na6 11. Nc4 Nb4 12. Re1 Ba6 13. Nb5 Nd7 14. Bd2 Nb6 15. Qb3 Nxc4 16. Qxc4 Bxb2 17. Rab1 Bxb5 18. axb5 Bf6 19. Bxb4 cxb4 20. Qxb4 Qb6 21. Rec1 a6 22. bxa6 Qxb4 23. Rxb4 Rxa6 24. Bf3 Rfa8 25. Rbc4 Ra1 26. Rxa1 Rxa1+ 27. Kg2 Kg7 28. h4 h5 29. Rc7 Ra2 30. Rb7 Rc2 1/2-1/2

[Event "Mirandela op 3rd"]
[Site "Mirandela"]
[Date "2022.08.18"]
[Round "2"]
[White "Chirivi Castiblanco, Jenny Astrid"]
[Black "Dubkov, Andrej"]
[Result "1-0"]
[WhiteElo "2111"]
[BlackElo "2358"]
[PlyCount "77"]
[EventDate "2022.08.17"]
[EventType "swiss"]
[EventRounds "9"]
[EventCountry "POR"]
[SourceTitle "CBM 209 Extra"]
[Source "ChessBase"]
[SourceDate "2022.09.30"]
[SourceVersion "1"]
[SourceVersionDate "2022.09.30"]
[SourceQuality "1"]

1. d4 Nf6 2. c4 g6 3. Nc3 Bg7 4. e4 d6 5. f3 0-0 6. Be3 a6 7. Qd2 Nbd7 8. Nh3 c6 9. Nf2 b5 10. Be2 bxc4 11. Bxc4 d5 12. Be2 e5 13. exd5 Nxd5 14. Nxd5 cxd5 15. 0-0 Re8 16. Rfe1 Rb8 17. b3 a5 18. dxe5 Nxe5 19. Bd4 Bf5 20. f4 Nc6 21. Bxg7 Kxg7 22. Bf3 Qf6 23. Rac1 Nd4 24. Qxa5 Nxf3+ 25. gxf3 d4 26. Qd2 d3 27. Ne4 Bxe4 28. fxe4 Qd4+ 29. Kg2 Rxe4 30. Rc4 Rxe1 31. Rxd4 Re2+ 32. Qxe2 dxe2 33. Kf2 Re8 34. Ke1 Kf6 35. a4 Re3 36. Rb4 Kf5 37. a5 Re6 38. Ra4 Re8 39. a6 1-0

[Event "Mirandela op 3rd"]
[Site "Mirandela"]
[Date "2022.08.18"]
[Round "3"]
[White "Dubkov, Andrej"]
[Black "Fox, Anthony"]
[Result "1-0"]
[WhiteElo "2358"]
[BlackElo "1953"]
[PlyCount "73"]
[EventDate "2022.08.17"]
[EventType "swiss"]
[EventRounds "9"]
[EventCountry "POR"]
[SourceTitle "CBM 209 Extra"]
[Source "ChessBase"]
[SourceDate "2022.09.30"]
[SourceVersion "1"]
[SourceVersionDate "2022.09.30"]
[SourceQuality "1"]

1. c4 e6 2. Nc3 d5 3. d4 Nf6 4. cxd5 exd5 5. Bg5 c6 6. e3 Be7 7. Bd3 Nbd7 8. h3 0-0 9. Qc2 Re8 10. Nf3 Nf8 11. 0-0 Be6 12. Bxf6 Bxf6 13. b4 a6 14. a4 Be7 15. b5 a5 16. bxc6 bxc6 17. Rfc1 Bd6 18. Nb1 Qe7 19. Nbd2 Rec8 20. Nb3 Qf6 21. Qd1 Bf5 22. Nc5 Bxd3 23. Qxd3 Ra7 24. Rab1 Qe7 25. Qf5 Ne6 26. Nxe6 fxe6 27. Qd3 g6 28. Rb6 c5 29. dxc5 Rxc5 30. Rxc5 Bxc5 31. Rb8+ Kg7 32. Qc3+ Kh6 33. Ne5 Bd6 34. Ng4+ Kg5 35. f4+ Kh4 36. Nf6 Bb4 37. Kh2 1-0

[Event "Oberliga Ost-B 1920"]
[Site "Germany"]
[Date "2020.03.01"]
[Round "9.3"]
[White "Dubkov, Andrej"]
[Black "Frolov, Artur"]
[Result "1/2-1/2"]
[WhiteElo "2335"]
[BlackElo "2420"]
[PlyCount "65"]
[EventDate "2019.09.29"]
[EventType "team-tourn"]
[EventRounds "11"]
[EventCountry "GER"]
[SourceTitle "EXT 2023"]
[Source "ChessBase"]
[SourceDate "2022.10.05"]
[SourceVersion "1"]
[SourceVersionDate "2022.10.05"]
[SourceQuality "1"]
[WhiteTeam "Wiesbaden"]
[BlackTeam "Bad Emstal/Wolfhagen"]
[WhiteTeamCountry "GER"]
[BlackTeamCountry "GER"]

1. Nf3 c5 2. g3 Nc6 3. Bg2 Nf6 4. d4 cxd4 5. Nxd4 d5 6. 0-0 Bd7 7. Nb3 e6 8. Nc3 Bb4 9. e4 Bxc3 10. exd5 exd5 11. bxc3 0-0 12. Bg5 h6 13. Bxf6 Qxf6 14. Qxd5 Rad8 15. Qf3 Qxf3 16. Bxf3 b6 17. a4 Ne5 18. Be4 Rc8 19. f4 Ng4 20. Nd4 Rxc3 21. Nb5 Bxb5 22. axb5 Re8 23. Bd3 Rc7 24. Rfe1 Rxe1+ 25. Rxe1 Kf8 26. Re4 Nf6 27. Rd4 Nd7 28. Kf2 Nc5 29. Ke3 Ke7 30. Bc4 Nb7 31. Bd3 Nc5 32. Bc4 Nb7 33. Bd3 1/2-1/2

[Event "Oberliga Ost-B 1617"]
[Site "Germany"]
[Date "2017.02.19"]
[Round "7.2"]
[White "Staller, Peter"]
[Black "Dubkov, Andrej"]
[Result "1/2-1/2"]
[WhiteElo "2264"]
[BlackElo "2283"]
[PlyCount "59"]
[EventDate "2016.10.16"]
[EventType "team-tourn"]
[EventRounds "11"]
[EventCountry "GER"]
[SourceTitle "EXT 2018"]
[Source "ChessBase"]
[SourceDate "2017.10.13"]
[SourceVersion "1"]
[SourceVersionDate "2017.10.13"]
[SourceQuality "1"]
[WhiteTeam "Frankfurt Koenig Nied"]
[BlackTeam "Wiesbaden"]
[WhiteTeamCountry "GER"]
[BlackTeamCountry "GER"]

1. Nf3 c5 2. e3 Nc6 3. b3 e5 4. Bb2 e4 5. Ng1 d5 6. d3 exd3 7. Bxd3 Nf6 8. Nf3 Bd6 9. Nbd2 0-0 10. 0-0 Nb4 11. Be2 Bf5 12. Ne1 Bc7 13. a3 Qd6 14. Ndf3 Nc6 15. c4 Rad8 16. Bxf6 Qxf6 17. cxd5 Be4 18. Ra2 Rxd5 19. Rd2 Rfd8 20. Rxd5 Rxd5 21. Qc1 Ne5 22. Nxe5 Qxe5 23. g3 Rd6 24. Bf3 Bg6 25. Ng2 Rd3 26. Nf4 Rxb3 27. Nxg6 hxg6 28. Rd1 Qe7 29. Bd5 Rb6 30. Qc4 1/2-1/2

[Event "Oberliga Ost-B 1516"]
[Site "Germany"]
[Date "2016.02.21"]
[Round "8.2"]
[White "Wieczorek, Oskar"]
[Black "Dubkov, Andrej"]
[Result "1-0"]
[WhiteElo "2416"]
[BlackElo "2295"]
[PlyCount "81"]
[EventDate "2015.09.20"]
[EventType "team-tourn"]
[EventRounds "11"]
[EventCountry "GER"]
[SourceTitle "EXT 2017"]
[Source "ChessBase"]
[SourceDate "2016.10.25"]
[SourceVersion "1"]
[SourceVersionDate "2016.10.25"]
[SourceQuality "1"]
[WhiteTeam "Heusenstamm"]
[BlackTeam "Wiesbaden"]
[WhiteTeamCountry "GER"]
[BlackTeamCountry "GER"]

1. e4 c5 2. Nf3 e6 3. d4 cxd4 4. Nxd4 Qb6 5. Nb3 Qc7 6. Bd3 Nf6 7. f4 d6 8. Qe2 a6 9. Be3 b6 10. N1d2 Nbd7 11. g4 g6 12. g5 Nh5 13. f5 e5 14. Rf1 Bb7 15. Bc4 Nf4 16. Bxf4 exf4 17. Nd4 Ne5 18. Bd5 Be7 19. f6 Bd8 20. 0-0-0 h6 21. h4 hxg5 22. hxg5 Rh5 23. Rh1 Rxg5 24. Rh8+ Kd7 25. N2f3 Nxf3 26. Nxf3 Rxd5 27. exd5 Bxf6 28. Rxa8 Bxa8 29. Qxa6 Qd8 30. Qa4+ Ke7 31. Qxf4 Kf8 32. Kb1 Kg7 33. a4 Bb7 34. Qb4 Bc8 35. Nd4 Qe7 36. Qxb6 Bg4 37. Rd3 Qe1+ 38. Ka2 Qe4 39. Qxd6 Bxd4 40. Qb4 Qxd5+ 41. b3 1-0

[Event "BL2-West 1415"]
[Site "Germany"]
[Date "2015.02.22"]
[Round "7.1"]
[White "Dubkov, Andrej"]
[Black "Van Wely, Loek"]
[Result "0-1"]
[WhiteElo "2313"]
[BlackElo "2664"]
[PlyCount "65"]
[EventDate "2014.09.21"]
[EventType "team-tourn"]
[EventRounds "9"]
[EventCountry "GER"]
[SourceTitle "CBM 166 Extra"]
[Source "ChessBase"]
[SourceDate "2015.06.18"]
[SourceVersion "1"]
[SourceVersionDate "2015.06.18"]
[SourceQuality "1"]
[WhiteTeam "Wiesbaden"]
[BlackTeam "Koeln Porz"]
[WhiteTeamCountry "GER"]
[BlackTeamCountry "GER"]

1. e4 c5 2. Nf3 e6 3. c3 Nf6 4. e5 Nd5 5. Bc4 d6 6. d4 cxd4 7. cxd4 Nb6 8. Bd3 dxe5 9. dxe5 Na6 10. Qe2 Nc5 11. Bc2 Nd5 12. 0-0 Be7 13. Rd1 Bd7 14. Nbd2 Rc8 15. Ne4 Qb6 16. Bg5 Bb5 17. Qe1 Nxe4 18. Bxe4 Bxg5 19. Nxg5 Bc6 20. Rac1 h6 21. Bxd5 exd5 22. Nf3 Qxb2 23. e6 0-0 24. e7 Rfe8 25. Nd4 Qa3 26. Nf5 Bd7 27. Rxc8 Bxc8 28. Rxd5 Bxf5 29. Rd8 Qa4 30. Qe5 Bd7 31. h3 Bc6 32. Rd4 Qb5 33. Qd6 0-1

[Event "BL2-West 1415"]
[Site "Germany"]
[Date "2015.02.01"]
[Round "6.2"]
[White "Dubkov, Andrej"]
[Black "Koch, Thomas"]
[Result "0-1"]
[WhiteElo "2313"]
[BlackElo "2456"]
[PlyCount "68"]
[EventDate "2014.09.21"]
[EventType "team-tourn"]
[EventRounds "9"]
[EventCountry "GER"]
[SourceTitle "CBM 166 Extra"]
[Source "ChessBase"]
[SourceDate "2015.06.18"]
[SourceVersion "1"]
[SourceVersionDate "2015.06.18"]
[SourceQuality "1"]
[WhiteTeam "Wiesbaden"]
[BlackTeam "Aachen SV"]
[WhiteTeamCountry "GER"]
[BlackTeamCountry "GER"]

1. d4 Nf6 2. c4 e6 3. Nf3 b6 4. g3 Ba6 5. Nbd2 Bb4 6. b3 Bc3 7. Rb1 Bb7 8. Bb2 Ne4 9. Bg2 Nxd2 10. Bxc3 Nxb1 11. Qxb1 d5 12. 0-0 0-0 13. Rd1 Nd7 14. h4 Nf6 15. Ne5 Qe7 16. b4 Ne4 17. Be1 Rab8 18. b5 Rfd8 19. Bb4 Qe8 20. a4 f6 21. Ng4 a5 22. Be1 c6 23. c5 cxb5 24. f3 b4 25. fxe4 bxc5 26. exd5 c4 27. dxe6 Qxe6 28. Bh3 Qxe2 29. Nh2 c3 30. Bf1 Qe6 31. d5 Bxd5 32. Bd3 Kh8 33. Bf5 Qe2 34. Bf2 Ba2 0-1

[Event "BL2-West 1415"]
[Site "Germany"]
[Date "2014.10.19"]
[Round "2.2"]
[White "Dubkov, Andrej"]
[Black "Schlecht, Daniel"]
[Result "0-1"]
[WhiteElo "2313"]
[BlackElo "2349"]
[PlyCount "130"]
[EventDate "2014.09.21"]
[EventType "team-tourn"]
[EventRounds "9"]
[EventCountry "GER"]
[SourceTitle "CBM 166 Extra"]
[Source "ChessBase"]
[SourceDate "2015.06.18"]
[SourceVersion "1"]
[SourceVersionDate "2015.06.18"]
[SourceQuality "1"]
[WhiteTeam "Wiesbaden"]
[BlackTeam "Solingen II"]
[WhiteTeamCountry "GER"]
[BlackTeamCountry "GER"]

1. d4 d5 2. c4 c6 3. Nf3 Nf6 4. e3 Bf5 5. Nc3 e6 6. Nh4 Bg6 7. Qb3 Qc7 8. g3 Nbd7 9. Nxg6 hxg6 10. Bg2 Be7 11. h3 Nb6 12. cxd5 exd5 13. 0-0 Rd8 14. Rd1 Bd6 15. Bd2 Ne4 16. Nxe4 dxe4 17. Be1 Qe7 18. Ba5 Bc7 19. Bxb6 Bxb6 20. d5 cxd5 21. Qb5+ Qd7 22. Rxd5 Qxb5 23. Rxb5 f5 24. a4 Rd7 25. Rc1 Ke7 26. Bf1 Rf8 27. a5 Bd8 28. Rc8 Rf6 29. Bc4 Rfd6 30. Kg2 Kf6 31. g4 Rd2 32. a6 bxa6 33. Rc6+ Kg5 34. Rb8 Bb6 35. h4+ Kxg4 36. Rxg6+ Kh5 37. Rg3 Rd8 38. Rxd8 Bxd8 39. Rxg7 Bxh4 40. Rh7+ Kg5 41. Rg7+ Kf6 42. Rf7+ Kg6 43. Kh3 Bxf2 44. Be6 Rd6 45. Rxf5 Bxe3 46. Bc8 Bd4 47. Rf4 e3 48. Re4 a5 49. b3 Kf6 50. Kg4 Bb6 51. Ba6 Re6 52. Rxe6+ Kxe6 53. Kf3 Kd5 54. Ke2 Kd4 55. Bc8 Kc3 56. Be6 Kb4 57. Kd3 a4 58. bxa4 Kxa4 59. Kc2 Kb4 60. Bg4 a5 61. Kb2 Kc4 62. Be2+ Kd4 63. Bb5 Ke4 64. Kc2 Kf3 65. Kd1 Kf2 0-1

[Event "BL2-West 1314"]
[Site "Germany"]
[Date "2014.04.06"]
[Round "9.5"]
[White "Dubkov, Andrej"]
[Black "De Gleria, Francesco"]
[Result "1/2-1/2"]
[WhiteElo "2311"]
[BlackElo "2362"]
[PlyCount "44"]
[EventDate "2013.10.13"]
[EventType "team-tourn"]
[EventRounds "9"]
[EventCountry "GER"]
[SourceTitle "EXT 2015"]
[Source "ChessBase"]
[SourceDate "2014.11.20"]
[SourceVersion "1"]
[SourceVersionDate "2014.11.20"]
[SourceQuality "1"]
[WhiteTeam "Wiesbaden"]
[BlackTeam "Duesseldorf"]
[WhiteTeamCountry "GER"]
[BlackTeamCountry "GER"]

1. e4 c5 2. Nf3 d6 3. Bb5+ Nc6 4. Bxc6+ bxc6 5. 0-0 Bg4 6. Re1 e6 7. d3 Ne7 8. Nbd2 Ng6 9. h3 Bxf3 10. Nxf3 Be7 11. c3 0-0 12. Be3 Qb8 13. Qc2 d5 14. Rab1 Rd8 15. b4 cxb4 16. cxb4 Rc8 17. Nd4 Bxb4 18. Nxc6 a5 19. Qa4 Qd6 20. Nxb4 axb4 21. Qxb4 Qxb4 22. Rxb4 dxe4 1/2-1/2

[Event "BL2-West 1314"]
[Site "Germany"]
[Date "2014.03.16"]
[Round "8.5"]
[White "Stewart, Neil"]
[Black "Dubkov, Andrej"]
[Result "1/2-1/2"]
[WhiteElo "2265"]
[BlackElo "2311"]
[PlyCount "79"]
[EventDate "2013.10.13"]
[EventType "team-tourn"]
[EventRounds "9"]
[EventCountry "GER"]
[SourceTitle "EXT 2015"]
[Source "ChessBase"]
[SourceDate "2014.11.20"]
[SourceVersion "1"]
[SourceVersionDate "2014.11.20"]
[SourceQuality "1"]
[WhiteTeam "Koblenz"]
[BlackTeam "Wiesbaden"]
[WhiteTeamCountry "GER"]
[BlackTeamCountry "GER"]

1. Nf3 d5 2. c4 c6 3. g3 Bg4 4. Bg2 e6 5. cxd5 Bxf3 6. Bxf3 cxd5 7. 0-0 Nc6 8. Nc3 Nf6 9. d3 Bd6 10. e4 dxe4 11. dxe4 Be5 12. Be3 0-0 13. Qb3 Nd4 14. Bxd4 Qxd4 15. Rfd1 Qb6 16. Qxb6 axb6 17. Rd2 Rfd8 18. Rad1 Rxd2 19. Rxd2 Kf8 20. Bg2 g5 21. Kf1 Ke7 22. Rc2 Nd7 23. a3 Nb8 24. Ne2 g4 25. h3 h5 26. Nf4 Bxf4 27. gxf4 gxh3 28. Bxh3 Nc6 29. e5 Ra4 30. f5 exf5 31. Bxf5 Rf4 32. Bc8 Nxe5 33. Bxb7 Rc4 34. Re2 Kd6 35. Rd2+ Kc7 36. Bd5 Rf4 37. Rc2+ Kd6 38. Rd2 Kc7 39. Rc2+ Kd6 40. Rd2 1/2-1/2

[Event "BL2-West 1314"]
[Site "Germany"]
[Date "2013.12.15"]
[Round "4.5"]
[White "Begnis, Nikolaos"]
[Black "Dubkov, Andrej"]
[Result "1/2-1/2"]
[WhiteElo "2326"]
[BlackElo "2311"]
[PlyCount "27"]
[EventDate "2013.10.13"]
[EventType "team-tourn"]
[EventRounds "9"]
[EventCountry "GER"]
[SourceTitle "EXT 2015"]
[Source "ChessBase"]
[SourceDate "2014.11.20"]
[SourceVersion "1"]
[SourceVersionDate "2014.11.20"]
[SourceQuality "1"]
[WhiteTeam "Aachen SV"]
[BlackTeam "Wiesbaden"]
[WhiteTeamCountry "GER"]
[BlackTeamCountry "GER"]

1. e4 d5 2. exd5 Qxd5 3. Nc3 Qa5 4. d4 Nf6 5. Nf3 Nc6 6. Bd2 a6 7. Bc4 Qh5 8. Ne5 Bg4 9. Nxg4 Qxg4 10. Qxg4 Nxg4 11. Be3 e6 12. 0-0 0-0-0 13. h3 Nf6 14. Rad1 1/2-1/2

[Event "BL2-West 1314"]
[Site "Germany"]
[Date "2013.11.10"]
[Round "2.2"]
[White "Dubkov, Andrej"]
[Black "Hera, Imre Jr"]
[Result "1/2-1/2"]
[WhiteElo "2311"]
[BlackElo "2557"]
[PlyCount "109"]
[EventDate "2013.10.13"]
[EventType "team-tourn"]
[EventRounds "9"]
[EventCountry "GER"]
[SourceTitle "EXT 2015"]
[Source "ChessBase"]
[SourceDate "2014.11.20"]
[SourceVersion "1"]
[SourceVersionDate "2014.11.20"]
[SourceQuality "1"]
[WhiteTeam "Wiesbaden"]
[BlackTeam "Dortmund Hansa"]
[WhiteTeamCountry "GER"]
[BlackTeamCountry "GER"]

1. c4 c5 2. Nc3 Nc6 3. g3 g6 4. Bg2 Bg7 5. d3 e6 6. e4 Nge7 7. Nge2 d6 8. a3 0-0 9. 0-0 b6 10. Rb1 Bb7 11. b4 Qd7 12. h3 Nd4 13. Nxd4 cxd4 14. Ne2 f5 15. exf5 Bxg2 16. Kxg2 Rxf5 17. g4 Rf7 18. Ng3 Raf8 19. Ne4 h6 20. c5 bxc5 21. bxc5 dxc5 22. Nxc5 Qd5+ 23. Ne4 g5 24. Qa4 Ng6 25. Rb5 Qc6 26. Qc4 Nh4+ 27. Kg1 Qxc4 28. dxc4 Rf3 29. Kh2 Rc8 30. c5 Be5+ 31. Kg1 Rc6 32. Rb7 Rc7 33. Rb8+ Kg7 34. Rd8 Rxh3 35. f4 gxf4 36. Bxf4 Bxf4 37. Rxf4 Ng6 38. Rf6 Rg3+ 39. Nxg3 Kxf6 40. Rxd4 Rxc5 41. Ne4+ Ke5 42. Nxc5 Kxd4 43. Nxe6+ Kc4 44. Kf2 a5 45. Ke3 Kb3 46. g5 hxg5 47. Nxg5 Kxa3 48. Ne4 Kb4 49. Kd2 Ne5 50. Kc2 a4 51. Nc3 a3 52. Nd5+ Kc4 53. Nb6+ Kb5 54. Kb3 Kxb6 55. Kxa3 1/2-1/2

[Event "Bundesliga 1213"]
[Site "Germany"]
[Date "2013.04.06"]
[Round "14.7"]
[White "Rogozenco, Dorian"]
[Black "Dubkov, Andrej"]
[Result "1-0"]
[WhiteElo "2503"]
[BlackElo "2327"]
[PlyCount "75"]
[EventDate "2012.10.20"]
[EventType "team-tourn"]
[EventRounds "15"]
[EventCountry "GER"]
[SourceTitle "CBM 154"]
[Source "ChessBase"]
[SourceDate "2013.05.15"]
[SourceVersion "1"]
[SourceVersionDate "2013.05.15"]
[SourceQuality "1"]
[WhiteTeam "Hamburger SK"]
[BlackTeam "Wiesbaden"]
[WhiteTeamCountry "GER"]
[BlackTeamCountry "GER"]

1. d4 e6 2. c4 f5 3. g3 Nf6 4. Bg2 Be7 5. Nf3 d6 6. 0-0 0-0 7. Nc3 a5 8. Re1 Ne4 9. Qc2 Nc6 10. Nxe4 Nb4 11. Qb1 fxe4 12. Qxe4 e5 13. g4 c6 14. a3 d5 15. Qb1 e4 16. Ne5 Na6 17. cxd5 cxd5 18. Be3 Nc7 19. f3 exf3 20. exf3 Ne6 21. Qc1 g5 22. Qd2 Bd6 23. Bf2 Nf4 24. Bg3 Qf6 25. Rac1 Be6 26. Bxf4 gxf4 27. Qf2 Rac8 28. Rxc8 Rxc8 29. h4 Rc7 30. Bf1 Qd8 31. Bd3 Rg7 32. Kf1 Be7 33. Nc6 bxc6 34. Rxe6 Bxh4 35. Qc2 Rc7 36. Bxh7+ Kh8 37. Bf5 Bf6 38. Qh2+ 1-0

[Event "Bundesliga 1213"]
[Site "Germany"]
[Date "2013.02.02"]
[Round "7"]
[White "Dubkov, Andrej"]
[Black "Ris, Robert"]
[Result "0-1"]
[WhiteElo "2327"]
[BlackElo "2394"]
[PlyCount "50"]
[EventDate "2012.10.20"]
[EventType "team-tourn"]
[EventRounds "15"]
[EventCountry "GER"]
[SourceTitle "CBM 153"]
[Source "ChessBase"]
[SourceDate "2013.03.14"]
[SourceVersion "1"]
[SourceVersionDate "2013.03.14"]
[SourceQuality "1"]
[WhiteTeam "Wiesbaden"]
[BlackTeam "Katernberg"]
[WhiteTeamCountry "GER"]
[BlackTeamCountry "GER"]

1. e4 e5 2. Nf3 Nc6 3. Bc4 Nf6 4. d3 Bc5 5. c3 0-0 6. 0-0 d5 7. exd5 Nxd5 8. Ng5 Be7 9. Qf3 Bxg5 10. Bxd5 Bxc1 11. Rxc1 Ne7 12. Bb3 Kh8 13. Na3 Ng6 14. Re1 f5 15. Nc4 Qf6 16. Qe2 Re8 17. Qh5 Bd7 18. g3 Re7 19. Ne3 c6 20. h4 h6 21. Qf3 e4 22. dxe4 Ne5 23. Qh5 fxe4 24. Re2 Rf8 25. Rd1 Be8 0-1

[Event "Pfalz op 03rd"]
[Site "Neustadt an der Weinstrasse"]
[Date "2012.03.03"]
[Round "6"]
[White "Dubkov, Andrej"]
[Black "Commercon, Simon"]
[Result "1-0"]
[WhiteElo "2313"]
[BlackElo "2170"]
[PlyCount "51"]
[EventDate "2012.02.17"]
[EventType "swiss"]
[EventRounds "9"]
[EventCountry "GER"]
[SourceTitle "EXT 2013"]
[Source "ChessBase"]
[SourceDate "2012.11.22"]
[SourceVersion "1"]
[SourceVersionDate "2012.11.22"]
[SourceQuality "1"]

1. d4 f5 2. Nc3 d5 3. Bg5 c6 4. e3 g6 5. Bd3 Bg7 6. Nf3 Nd7 7. 0-0 Qb6 8. Na4 Qa5 9. c4 dxc4 10. Bxc4 Ngf6 11. Bb3 Ne4 12. Bf4 b5 13. Nc3 Nxc3 14. bxc3 Bf6 15. c4 Ba6 16. cxb5 cxb5 17. Rc1 Rc8 18. Rxc8+ Bxc8 19. Qc2 Bb7 20. Rc1 Qd8 21. Ne5 Bxe5 22. Bxe5 Nxe5 23. dxe5 Bd5 24. Bxd5 Qxd5 25. Qc8+ Qd8 26. Qe6 1-0